Famous People by Pictures - D - Statistics

General Stats
  • This quiz has been taken 108 times
  • The average score is 7 of 15
Answer Stats
Picture Answer % Correct
Drake
93%
Daniel Radcliffe
88%
Dolly Parton
82%
Dua Lipa
64%
Dustin Hoffman
64%
Demi Lovato
48%
Demi Moore
45%
Donatella Versace
36%
Dylan Sprouse
27%
Drake Bell
25%
Dove Cameron
24%
Damiano David
20%
Debby Ryan
16%
Diane Kruger
13%
Dominic Fike
7%
No matching quizzes found
Score Distribution
Percent of People with Each Score
Percentile by Number Answered
Your Score History
You have not taken this quiz